Ανήφορος : από τη ζωή της μητέρας, μυθιστόρημα
Αποθηκεύτηκε σε:
| Κύριος συγγραφέας: | |
|---|---|
| Μορφή: | Βιβλίο |
| Γλώσσα: | Greek |
| Δημοσίευση: |
Αθήναι :
Κακουλίδης,
[1958]
|
| Έκδοση: | 3η έκδ. |
| Θέματα: | |
| Ετικέτες: |
Προσθήκη ετικέτας
Δεν υπάρχουν, Καταχωρήστε ετικέτα πρώτοι!
|
MARC
| LEADER | 00000cam a2200000 i 4500 | ||
|---|---|---|---|
| 001 | 1/92251 | ||
| 008 | 080825s1958 gre d | ||
| 035 | |l 10099557 | ||
| 040 | |a GR-MY-UA |b gre |e aacr | ||
| 041 | 0 | |a gre | |
| 082 | 0 | |a 889.33 |2 (22) | |
| 100 | 1 | |a Χονδρόπουλος, Σώτος |d 1911-1989. | |
| 245 | 1 | 0 | |a Ανήφορος : |b από τη ζωή της μητέρας, μυθιστόρημα / |c Σώτου Χονδρόπουλου |
| 250 | |a 3η έκδ. | ||
| 260 | |a Αθήναι : |b Κακουλίδης, |c [1958] | ||
| 300 | |a 297 σ.; |c 21 εκ. | ||
| 500 | |a "Τρίτη έκδοση (σε νεώτερη μορφή)" | ||
| 650 | 0 | 0 | |a Greek literature, Modern |y 20th century. |
| 650 | 0 | 0 | |a Greek fiction, Modern |y 20th century. |
| 852 | |a INST |b RHODES |c AKA |e 20080825 |h 889.33 ΧΟΝ |p 005400027603 |q 005400027603 |t BK |y 0 | ||
| 901 | |a BIBL4-2008-2 | ||
| 909 | |a Ρ |b 150926 | ||
| 970 | |a ΧΑΡΙΟΠΟΛΙΤΟΥ |b ΚΩΝΣΤΑΝΤΙΝΑ |z 2008/08/25 | ||